[Event "Titled Tue 20th May Late"]
[Site "chess.com INT"]
[Date "2025.05.20"]
[Round "3"]
[White "Garcia de Dios, Jose Antonio"]
[Black "Kochavi, Dana"]
[Result "1-0"]
[WhiteTitle "CM"]
[BlackTitle "FM"]
[WhiteElo "2224"]
[BlackElo "2226"]
[WhiteFideId "5128919"]
[BlackFideId "2837137"]
[EventDate "2025.05.20"]

1. Nf3 Nf6 2. d4 d6 3. c4 g6 4. Nc3 Bg7 5. e4 Bg4 6. Be2 Bxf3 7. Bxf3 Nc6 8. Be3
e5 9. d5 Ne7 10. O-O Nd7 11. b4 b6 12. Be2 f5 13. f3 O-O 14. Rc1 a5 15. a3 axb4
16. axb4 f4 17. Bf2 g5 18. Nb5 Ng6 19. c5 bxc5 20. bxc5 Nxc5 21. Bxc5 dxc5 22.
Rxc5 Rf7 23. Qc2 Rc8 24. Rc1 c6 25. Rxc6 Rxc6 26. dxc6 Qb6+ 27. Kh1 Ne7 28. Bc4 1-0

[Event "Titled Tue 20th May Late"]
[Site "chess.com INT"]
[Date "2025.05.20"]
[Round "3"]
[White "Meylan, Andre"]
[Black "Eswaran, Ashritha"]
[Result "0-1"]
[WhiteTitle "CM"]
[BlackTitle "FM"]
[WhiteElo "2138"]
[BlackElo "2236"]
[WhiteFideId "1301225"]
[BlackFideId "2080788"]
[EventDate "2025.05.20"]

1. e4 c5 2. Nf3 Nc6 3. d4 cxd4 4. Nxd4 Nf6 5. Nc3 e5 6. Ndb5 d6 7. Nd5 Nxd5 8.
exd5 Nb8 9. Qf3 Be7 10. Qc3 Na6 11. Be3 O-O 12. Nxa7 f5 13. Bxa6 bxa6 14. Nc6
Qd7 15. Nxe7+ Qxe7 16. f3 f4 17. Bf2 e4 18. fxe4 Qxe4+ 19. Kf1 a5 20. Qd2 Bh3
21. Bb6 f3 22. gxh3 f2 0-1

[Event "Titled Tue 20th May Late"]
[Site "chess.com INT"]
[Date "2025.05.20"]
[Round "3"]
[White "Karenza, Dita"]
[Black "Shubenkova, Veronika"]
[Result "0-1"]
[WhiteTitle "WIM"]
[BlackTitle "WFM"]
[WhiteElo "2066"]
[BlackElo "2024"]
[WhiteFideId "7101473"]
[BlackFideId "44124040"]
[EventDate "2025.05.20"]

1. e4 e6 2. d4 d5 3. exd5 exd5 4. Bd3 Nf6 5. Ne2 Be7 6. O-O O-O 7. c3 c5 8. Bf4
Nc6 9. dxc5 Bxc5 10. b4 Bd6 11. Bg5 Ne5 12. Bc2 Be6 13. Nd4 Re8 14. f4 Nc4 15.
f5 Bd7 16. Nd2 Ne3 17. Bxe3 Rxe3 18. N2f3 Rxc3 19. Qd2 Qc7 20. Bb3 Bxb4 21. Qg5
h6 22. Qh4 Re8 23. Rad1 Re4 24. Qh3 Bc5 25. Kh1 Bxd4 0-1

[Event "Titled Tue 20th May Late"]
[Site "chess.com INT"]
[Date "2025.05.20"]
[Round "3"]
[White "Yanev, Tihomir"]
[Black "Antoniou, Rafail"]
[Result "0-1"]
[WhiteTitle "IM"]
[BlackTitle "CM"]
[WhiteElo "2354"]
[BlackElo "2134"]
[WhiteFideId "2910110"]
[BlackFideId "5904390"]
[EventDate "2025.05.20"]

1. e4 c5 2. Nc3 e6 3. g3 Nc6 4. Bg2 Nf6 5. f4 d5 6. e5 Ng8 7. d3 h5 8. Nf3 Nge7
9. O-O Nf5 10. Bd2 Be7 11. Ne2 Qb6 12. Qc1 c4+ 13. Kh1 h4 14. gxh4 cxd3 15. cxd3
Bd7 16. d4 Nxh4 17. Nxh4 Rxh4 18. f5 exf5 19. Bg5 Bxg5 20. Qxg5 Rg4 21. Qh5
O-O-O 22. Qxf7 Qxb2 23. Rae1 Nxd4 24. Bxd5 Nxe2 25. e6 Ng3+ 0-1

[Event "Titled Tue 20th May Late"]
[Site "chess.com INT"]
[Date "2025.05.20"]
[Round "3"]
[White "Smirnova, Ekaterina"]
[Black "Deichmann, Esteban Horacio"]
[Result "1-0"]
[WhiteTitle "WIM"]
[WhiteElo "2096"]
[BlackElo "2085"]
[WhiteFideId "4110943"]
[BlackFideId "167410"]
[EventDate "2025.05.20"]

1. d4 c5 2. d5 g6 3. c4 Bg7 4. Nf3 d6 5. Nc3 Bxc3+ 6. bxc3 e5 7. dxe6 Bxe6 8. e4
Nc6 9. Bg5 Qa5 10. Qd2 h6 11. Bf4 Nf6 12. Bd3 g5 13. Bg3 Rd8 14. O-O Rg8 15. Qc2
h5 16. e5 dxe5 17. Nxe5 Nxe5 18. Bxe5 Ng4 19. Bh7 Rf8 20. Bg7 Qc7 21. g3 Bxc4
22. Rfe1+ Be6 23. Bxf8 Kxf8 24. Bf5 Bc8 25. Bxc8 Qxc8 26. Qh7 Nf6 27. Qh6+ Kg8
28. Qxf6 1-0

[Event "Titled Tue 20th May Late"]
[Site "chess.com INT"]
[Date "2025.05.20"]
[Round "3"]
[White "Jovic, Stanoje"]
[Black "Kahre, Kim"]
[Result "1-0"]
[WhiteTitle "FM"]
[WhiteElo "2096"]
[BlackElo "2119"]
[WhiteFideId "905020"]
[BlackFideId "518816"]
[EventDate "2025.05.20"]

1. c4 c6 2. e4 d5 3. exd5 cxd5 4. cxd5 Nf6 5. Qa4+ Bd7 6. Qb3 Qc7 7. Nc3 g6 8.
Nf3 Bg7 9. d4 O-O 10. Be2 Rd8 11. O-O a6 12. a4 b6 13. Ne5 Qb7 14. Bf3 Rf8 15.
d6 1-0

[Event "Titled Tue 20th May Late"]
[Site "chess.com INT"]
[Date "2025.05.20"]
[Round "3"]
[White "Dubnevych, Maksym"]
[Black "Di Benedetto, Guillermo"]
[Result "1-0"]
[WhiteTitle "FM"]
[BlackTitle "FM"]
[WhiteElo "2292"]
[BlackElo "2289"]
[WhiteFideId "14184001"]
[BlackFideId "111120"]
[EventDate "2025.05.20"]

1. Nc3 g6 2. h4 Bg7 3. h5 c5 4. d3 Nc6 5. h6 Bxc3+ 6. bxc3 Nf6 7. e4 d5 8. exd5
Nxd5 9. c4 Nc7 10. Bb2 Nd4 11. Nf3 Bg4 12. Be2 Bxf3 13. Bxf3 O-O 14. O-O Rb8 15.
Re1 Qd6 16. Bxd4 cxd4 17. Qd2 e5 18. Qa5 f6 19. Qxa7 Ne6 20. Bd5 Kh8 21. Bxe6
Qxe6 22. Rab1 Qa6 23. Qc5 Rf7 24. Rxe5 Qxa2 25. Rbe1 Rbf8 26. Re8 Kg8 27. Rxf8+
Rxf8 28. Qd5+ Kh8 29. Qd7 1-0

[Event "Titled Tue 20th May Late"]
[Site "chess.com INT"]
[Date "2025.05.20"]
[Round "3"]
[White "Shafer, Logan C"]
[Black "Nguyen, Ngoc Truong Son"]
[Result "0-1"]
[WhiteTitle "CM"]
[BlackTitle "GM"]
[WhiteElo "2291"]
[BlackElo "2632"]
[WhiteFideId "30993342"]
[BlackFideId "12401110"]
[EventDate "2025.05.20"]

1. e4 e5 2. Nf3 Nc6 3. Bb5 Nf6 4. O-O Nxe4 5. d4 Nd6 6. Bxc6 dxc6 7. dxe5 Nf5 8.
Qxd8+ Kxd8 9. Rd1+ Ke8 10. Nc3 h6 11. h3 Be6 12. g4 Ne7 13. Nh2 h5 14. f4 hxg4
15. hxg4 Nd5 16. Nxd5 Bxd5 17. Be3 f6 18. exf6 gxf6 19. Bd4 Kf7 20. b3 Bd6 21.
Rf1 Rh3 22. Rf2 Rah8 23. c4 Be4 24. Re1 Rg3+ 25. Kf1 Bd3+ 26. Ree2 c5 27. Bb2
Re8 0-1

[Event "Titled Tue 20th May Late"]
[Site "chess.com INT"]
[Date "2025.05.20"]
[Round "3"]
[White "Hobaica, Juan Pablo"]
[Black "Ugarte Soto, Cesar"]
[Result "0-1"]
[WhiteTitle "IM"]
[BlackTitle "CM"]
[WhiteElo "2412"]
[BlackElo "2088"]
[WhiteFideId "104159"]
[BlackFideId "3601331"]
[EventDate "2025.05.20"]

1. e4 c5 2. Nc3 g6 3. g3 Bg7 4. Bg2 Nc6 5. d3 e6 6. Be3 Nd4 7. Qd2 b6 8. Nd1 Bb7
9. c3 Nc6 10. d4 cxd4 11. cxd4 d5 12. e5 Na5 13. b3 Ba6 14. Ne2 Rc8 15. O-O Qc7
16. Rc1 Qd7 17. Rxc8+ Qxc8 18. Ndc3 Ne7 19. Rc1 Qd7 20. g4 O-O 21. Bh6 Rc8 22.
Bxg7 Kxg7 23. Qg5 Ng8 24. Ng3 Qd8 25. Nh5+ Kf8 26. Nf6 h6 27. Qh4 g5 28. Qh5 Nc6
29. Bxd5 Nxd4 30. Be4 Rxc3 31. Nxg8 Rxc1+ 32. Kg2 Bf1+ 33. Kg3 Ne2+ 34. Kf3 Rc3+ 0-1

[Event "Titled Tue 20th May Late"]
[Site "chess.com INT"]
[Date "2025.05.20"]
[Round "3"]
[White "Pranesh, M"]
[Black "Ilkhomi, Jaloliddin"]
[Result "1-0"]
[WhiteTitle "GM"]
[BlackTitle "FM"]
[WhiteElo "2576"]
[BlackElo "2272"]
[WhiteFideId "35028600"]
[BlackFideId "14700948"]
[EventDate "2025.05.20"]

1. d4 Nf6 2. Nf3 e6 3. Bg5 Be7 4. Nbd2 b6 5. e4 d5 6. e5 Nfd7 7. Bxe7 Qxe7 8. h4
h6 9. h5 c5 10. c3 Ba6 11. Rh4 Bxf1 12. Kxf1 Nc6 13. Qa4 Ndb8 14. Rg4 O-O 15.
Kg1 a6 16. Nf1 b5 17. Qd1 Nd7 18. Qd2 Kh8 19. a3 Rac8 20. Qf4 Rg8 21. Ne3 cxd4
22. cxd4 Na5 23. Rg3 Nc4 24. Ng4 Nf8 25. Nf6 Nh7 26. Nxg8 Rxg8 27. Qc1 Qd7 28.
b3 Na5 29. Nd2 Rc8 30. Rc3 Nc6 31. Qc2 1-0

[Event "Titled Tue 20th May Late"]
[Site "chess.com INT"]
[Date "2025.05.20"]
[Round "3"]
[White "Gubajdullin, Alexei"]
[Black "Plat, Vojtech"]
[Result "0-1"]
[WhiteTitle "FM"]
[BlackTitle "GM"]
[WhiteElo "2227"]
[BlackElo "2482"]
[WhiteFideId "4141202"]
[BlackFideId "325740"]
[EventDate "2025.05.20"]

1. d4 d6 2. Nf3 Bg4 3. Nbd2 Nd7 4. g3 c6 5. Bg2 e5 6. c3 Ngf6 7. h3 Bh5 8. e4
Be7 9. O-O O-O 10. Qb3 Qc7 11. Nh4 Rfe8 12. Nf5 Bf8 13. a4 Bg6 14. g4 d5 15.
dxe5 Nxe5 16. f4 Nd3 17. e5 Bxf5 18. gxf5 Nh5 19. e6 Bc5+ 20. Kh2 Ndxf4 0-1

[Event "Titled Tue 20th May Late"]
[Site "chess.com INT"]
[Date "2025.05.20"]
[Round "3"]
[White "Moinzai, Khushal"]
[Black "Martinez Pla, Xavier"]
[Result "0-1"]
[WhiteTitle "FM"]
[BlackTitle "FM"]
[WhiteElo "1894"]
[BlackElo "2282"]
[WhiteFideId "11701200"]
[BlackFideId "32074271"]
[EventDate "2025.05.20"]

1. e4 c5 2. Nf3 a6 3. d4 cxd4 4. Nxd4 Nf6 5. Nc3 e5 6. Nb3 Bb4 7. Bd3 d5 8. exd5
Nxd5 9. O-O Nxc3 10. bxc3 Bd6 11. Qf3 O-O 12. Rd1 Qe7 13. Nd2 f5 14. Qe2 e4 15.
Bc4+ Kh8 16. Bb3 Nc6 17. Nc4 Bc5 18. Bf4 Be6 19. a4 Bxc4 20. Qxc4 Rad8 21. Ba2
Ne5 22. Qb3 Ng4 23. Rf1 g5 24. Bc1 Nxf2 0-1

[Event "Titled Tue 20th May Late"]
[Site "chess.com INT"]
[Date "2025.05.20"]
[Round "3"]
[White "Bardyk, Artem"]
[Black "Yevchenko, Oleksandr"]
[Result "1-0"]
[WhiteTitle "FM"]
[BlackTitle "CM"]
[WhiteElo "2284"]
[BlackElo "2276"]
[WhiteFideId "34349979"]
[BlackFideId "14108267"]
[EventDate "2025.05.20"]

1. e4 c5 2. Nf3 d6 3. Nc3 Nf6 4. d4 cxd4 5. Qxd4 Nc6 6. Qd3 e6 7. Bf4 Be7 8.
O-O-O e5 9. Bg5 O-O 10. Bxf6 Bxf6 11. Qxd6 Qa5 12. Nd5 Be6 13. Bc4 Rad8 14. Qa3
Qxa3 15. bxa3 Bxd5 16. Bxd5 Na5 17. g4 g6 18. h4 b6 19. g5 Bg7 20. h5 Rc8 21. h6
Bh8 22. Rh3 Rc3 23. Rd3 Rfc8 24. Ne1 R3c5 25. Rhf3 R8c7 26. Bxf7+ Kf8 27. Bxg6+
Ke7 28. Rf7+ Ke6 29. Rxh7 Rc3 30. Bf5# 1-0

[Event "Titled Tue 20th May Late"]
[Site "chess.com INT"]
[Date "2025.05.20"]
[Round "3"]
[White "Terron Elena, Francisco M."]
[Black "Dudzinski, Pawel"]
[Result "1-0"]
[WhiteTitle "FM"]
[BlackTitle "FM"]
[WhiteElo "2148"]
[BlackElo "2191"]
[WhiteFideId "2210576"]
[BlackFideId "1117890"]
[EventDate "2025.05.20"]

1. e4 c6 2. f4 d5 3. Nc3 dxe4 4. Nxe4 Nf6 5. Nf2 c5 6. Nf3 Nc6 7. b3 Ng4 8. Nd3
e6 9. Bb2 Nf6 10. g3 b6 11. Bg2 Bb7 12. O-O Qc7 13. Qe2 Be7 14. Nfe5 Nd4 15.
Bxd4 cxd4 16. Bxb7 Qxb7 17. c3 dxc3 18. dxc3 O-O 19. c4 Rfd8 20. Rad1 Nd7 21.
Qg2 Qc7 22. Nc6 Re8 23. Nxe7+ Rxe7 24. Qxa8+ Nf8 25. Ne5 f6 26. Rd8 Qc5+ 27. Kh1
Rc7 28. Nd7 Rxd7 29. Rxd7 Qc6+ 30. Qxc6 1-0

[Event "Titled Tue 20th May Late"]
[Site "chess.com INT"]
[Date "2025.05.20"]
[Round "3"]
[White "Makaraci, Tunahan"]
[Black "Swara Lakshmi S Nair"]
[Result "1-0"]
[WhiteTitle "FM"]
[BlackTitle "WCM"]
[WhiteElo "2233"]
[BlackElo "2178"]
[WhiteFideId "6356559"]
[BlackFideId "25629239"]
[EventDate "2025.05.20"]

1. e4 c5 2. Nf3 d6 3. d4 cxd4 4. Nxd4 Nf6 5. Nc3 Nc6 6. Bc4 e6 7. Bb3 Bd7 8. Be3
Be7 9. Rg1 O-O 10. g4 Nxd4 11. Qxd4 Bc6 12. g5 Nd7 13. O-O-O a5 14. a4 Nc5 15.
h4 Qb6 16. Kb1 Qb4 17. f3 Nxb3 18. cxb3 Qxb3 19. h5 Qb4 20. h6 Qxd4 21. Bxd4 g6
22. Bf6 Bxf6 23. gxf6 Rfd8 24. Rd2 Rd7 25. Rgd1 Rad8 26. b3 Kf8 27. Kb2 Ke8 28.
Ne2 d5 29. e5 Rc7 30. Nd4 Rdc8 31. Rc1 Bd7 32. Rdc2 Rxc2+ 33. Rxc2 Rxc2+ 34.
Kxc2 Kd8 35. Kc3 Kc7 36. f4 Kb6 37. Nf3 d4+ 38. Kxd4 Bc6 39. Ng5 Bd5 40. Nxh7
Bxb3 41. Ng5 1-0

[Event "Titled Tue 20th May Late"]
[Site "chess.com INT"]
[Date "2025.05.20"]
[Round "3"]
[White "Rao, Anjaneya Sripathy"]
[Black "Flores Mirabal, Nancy"]
[Result "1-0"]
[WhiteTitle "CM"]
[BlackTitle "WCM"]
[WhiteElo "2173"]
[BlackElo "2050"]
[WhiteFideId "30954770"]
[BlackFideId "109339"]
[EventDate "2025.05.20"]

1. e4 c5 2. Nf3 d6 3. d4 cxd4 4. Qxd4 Nc6 5. Bb5 Bd7 6. Qd3 Nf6 7. c4 g6 8. Nc3
Bg7 9. O-O O-O 10. h3 a6 11. Bxc6 Bxc6 12. Nd4 Rc8 13. Be3 Nd7 14. Rac1 Nc5 15.
Qb1 Qd7 16. b4 Ne6 17. Nxe6 Qxe6 18. Nd5 Bxd5 19. exd5 Qe5 20. Rfd1 Qh5 21. c5
dxc5 22. bxc5 Rb8 23. Bf4 Rbd8 24. Qxb7 e6 25. d6 e5 26. Bh2 Bh6 27. Rb1 Rb8 28.
Qxb8 Rxb8 29. Rxb8+ Kg7 30. Rbb1 Bg5 31. c6 Bd8 32. c7 Bxc7 33. dxc7 Qf5 34.
Rbc1 Qf4 35. Bxf4 exf4 36. c8=Q 1-0

[Event "Titled Tue 20th May Late"]
[Site "chess.com INT"]
[Date "2025.05.20"]
[Round "3"]
[White "Rostomyan, Mikayel"]
[Black "Bluebaum, Matthias"]
[Result "0-1"]
[WhiteTitle "FM"]
[BlackTitle "GM"]
[WhiteElo "2325"]
[BlackElo "2660"]
[WhiteFideId "13313754"]
[BlackFideId "24651516"]
[EventDate "2025.05.20"]

1. d4 d5 2. c4 e6 3. Nf3 Nf6 4. g3 Nc6 5. cxd5 exd5 6. Bg2 Bd6 7. O-O O-O 8. Nc3
h6 9. Bf4 Bxf4 10. gxf4 Ne7 11. e3 c6 12. Kh1 Ne8 13. Rg1 Nd6 14. Qe2 Bf5 15.
Ne5 f6 16. Nd3 Ng6 17. f3 Nh4 18. e4 Bh7 19. Qf2 Nxg2 20. Qxg2 Qc7 21. f5 Rae8
22. Nc5 Rf7 23. Rae1 Rfe7 24. Qg4 Bxf5 25. Qg3 dxe4 26. fxe4 Bh7 27. Rg2 b6 28.
Na6 Qd7 29. Rge2 Nxe4 0-1

[Event "Titled Tue 20th May Late"]
[Site "chess.com INT"]
[Date "2025.05.20"]
[Round "3"]
[White "Badacsonyi, Stanley"]
[Black "Klukin, Kirill"]
[Result "0-1"]
[WhiteTitle "FM"]
[BlackTitle "IM"]
[WhiteElo "2289"]
[BlackElo "2407"]
[WhiteFideId "486973"]
[BlackFideId "24199273"]
[EventDate "2025.05.20"]

1. d4 e6 2. c4 Nf6 3. Nc3 Bb4 4. e3 Nc6 5. Qc2 d6 6. a3 Bxc3+ 7. Qxc3 a5 8. b3
O-O 9. Bb2 Re8 10. Nf3 e5 11. dxe5 dxe5 12. Rd1 Qe7 13. Qc2 Bg4 14. Be2 Bh5 15.
O-O Bg6 16. Qc1 Ne4 17. Bd3 Nxf2 18. Bxg6 Nxd1 19. Bxf7+ Qxf7 20. Qxd1 Rad8 21.
Qc2 Qg6 22. Qxg6 hxg6 23. b4 axb4 24. axb4 e4 25. Ng5 Rd2 26. Bc3 Rd3 27. Ba1
Nxb4 28. h3 Nc2 29. Bb2 Rd7 30. Rf4 Nxe3 31. Nxe4 Nxc4 32. Bc3 Rd3 33. Bb4 Ne3
34. Nc5 Rd1+ 35. Kh2 Nd5 36. Rg4 Nxb4 37. Rxb4 b6 38. Na6 Rd7 39. Rc4 c5 40. Rc1
Ra8 41. Ra1 Rda7 0-1

[Event "Titled Tue 20th May Late"]
[Site "chess.com INT"]
[Date "2025.05.20"]
[Round "3"]
[White "Shevkunov, Vladyslav"]
[Black "Tsydypov, Zhamsaran"]
[Result "0-1"]
[BlackTitle "GM"]
[WhiteElo "2073"]
[BlackElo "2514"]
[WhiteFideId "30953448"]
[BlackFideId "4108566"]
[EventDate "2025.05.20"]

1. e4 g6 2. d4 Bg7 3. Nc3 a6 4. f4 b5 5. Bd3 Bb7 6. Nf3 d6 7. Be3 Nd7 8. Qd2 c5
9. e5 cxd4 10. Nxd4 dxe5 11. fxe5 Nxe5 12. O-O-O Nf6 13. h4 h5 14. Rhf1 O-O 15.
Qe2 Qc7 16. Kb1 b4 17. Bf4 bxc3 18. Bxe5 Qb6 19. Nb3 cxb2 20. Bd4 Qc7 21. Be5
Nd5 22. Bxc7 Nc3+ 23. Kxb2 Nxe2+ 24. Ka3 Nc3 25. Rde1 Nb5+ 26. Bxb5 axb5+ 27.
Kb4 Rxa2 28. Rxe7 Rxc2 29. Bd6 Bxg2 30. Rg1 Bd5 31. Nc5 Rc4+ 32. Kxb5 Rxh4 33.
Rd7 Rc8 34. Be7 Bc6+ 35. Kb6 Rb4+ 36. Ka7 Bxd7 37. Nxd7 Re4 38. Nf6+ Bxf6 39.
Bxf6 Re6 40. Ba1 Rce8 41. Rb1 Re1 42. Rb8 Rxa1+ 0-1

[Event "Titled Tue 20th May Late"]
[Site "chess.com INT"]
[Date "2025.05.20"]
[Round "3"]
[White "Sakhayi, Mostafa"]
[Black "Zieba, Hubert"]
[Result "0-1"]
[WhiteTitle "CM"]
[BlackTitle "CM"]
[WhiteElo "2166"]
[BlackElo "2233"]
[WhiteFideId "12512532"]
[BlackFideId "21844704"]
[EventDate "2025.05.20"]

1. d4 d5 2. c4 c6 3. Nf3 Nf6 4. Nc3 a6 5. e3 b5 6. b3 Bg4 7. Bd2 e6 8. h3 Bxf3
9. Qxf3 Nbd7 10. Bd3 Bd6 11. O-O O-O 12. Qe2 bxc4 13. bxc4 c5 14. cxd5 exd5 15.
dxc5 Nxc5 16. Rfd1 Nxd3 17. Qxd3 Qd7 18. Be1 Rfd8 19. Rac1 Qe6 20. Ne2 Qe5 21.
g3 Qe6 22. Rc6 Qxh3 23. Nf4 Bxf4 24. exf4 Re8 25. Rxa6 Rxa6 26. Qxa6 Ng4 0-1

[Event "Titled Tue 20th May Late"]
[Site "chess.com INT"]
[Date "2025.05.20"]
[Round "3"]
[White "Hernandez Jimenez, Alexander Andres"]
[Black "Khanbutaev, Artemii"]
[Result "0-1"]
[WhiteTitle "FM"]
[WhiteElo "2043"]
[BlackElo "2059"]
[WhiteFideId "3900452"]
[BlackFideId "55747175"]
[EventDate "2025.05.20"]

1. e4 e5 2. Nf3 Nc6 3. Bc4 Nf6 4. d3 Bc5 5. O-O d6 6. c3 a5 7. a4 O-O 8. Na3 h6
9. Nc2 Be6 10. Bxe6 fxe6 11. Be3 Bxe3 12. Nxe3 Ne7 13. Qb3 Qd7 14. Nd2 Ng6 15.
g3 Kh7 16. Kg2 Nh5 17. Ndc4 Qc6 18. Qb5 d5 19. Qc5 Qxc5 0-1

[Event "Titled Tue 20th May Late"]
[Site "chess.com INT"]
[Date "2025.05.20"]
[Round "3"]
[White "Danila, Tudor-Gabriel"]
[Black "Bustelo, Tabare"]
[Result "1-0"]
[WhiteTitle "CM"]
[BlackTitle "CM"]
[WhiteElo "2178"]
[BlackElo "2043"]
[WhiteFideId "1274244"]
[BlackFideId "3000362"]
[EventDate "2025.05.20"]

1. e4 e5 2. Nf3 f5 3. Nxe5 Qf6 4. d4 d6 5. Nc4 fxe4 6. Nc3 Bf5 7. g4 Bg6 8. Bg2
Qf7 9. Ne3 Nc6 10. Nxe4 O-O-O 11. Ng5 Qe8 12. h4 Nf6 13. h5 Bf7 14. Nxf7 Qxf7
15. c3 d5 16. Qb3 Be7 17. Bd2 Rhe8 18. O-O-O Bf8 19. Rhf1 h6 20. Kb1 Kb8 21. Nf5
Na5 22. Qb5 Nc4 23. Bf3 a6 24. Qa4 Nxd2+ 25. Rxd2 Nxh5 26. Qb3 Nf6 27. c4 dxc4
28. Qxb7# 1-0

[Event "Titled Tue 20th May Late"]
[Site "chess.com INT"]
[Date "2025.05.20"]
[Round "3"]
[White "Claverie, Christophe"]
[Black "Wu, Derek"]
[Result "0-1"]
[WhiteTitle "IM"]
[BlackTitle "FM"]
[WhiteElo "2290"]
[BlackElo "2232"]
[WhiteFideId "605514"]
[BlackFideId "30914558"]
[EventDate "2025.05.20"]

1. d4 d5 2. c4 dxc4 3. Nf3 Nf6 4. e3 e6 5. Bxc4 a6 6. Qe2 c5 7. O-O Nbd7 8. Rd1
b5 9. Bd3 Bb7 10. a3 Qb6 11. Nbd2 Be7 12. b3 O-O 13. Bb2 Rac8 14. Rac1 Rfd8 15.
Bb1 cxd4 16. Bxd4 Qa5 17. a4 bxa4 18. Nc4 Qb5 19. Bd3 Bxf3 20. gxf3 axb3 21. Ne5
Qb8 22. Rxc8 Rxc8 23. Nxd7 Nxd7 24. Bxa6 Rc2 25. Qd3 Bh4 26. Rd2 Rxd2 27. Qxd2
Bf6 28. Bxf6 Nxf6 29. Bc4 b2 30. Ba2 b1=Q+ 0-1

[Event "Titled Tue 20th May Late"]
[Site "chess.com INT"]
[Date "2025.05.20"]
[Round "3"]
[White "Azamikia, Mehran"]
[Black "Lugo, Blas"]
[Result "1-0"]
[WhiteTitle "CM"]
[BlackTitle "IM"]
[WhiteElo "2130"]
[BlackElo "2399"]
[WhiteFideId "12502502"]
[BlackFideId "2011263"]
[EventDate "2025.05.20"]

1. d4 d5 2. Nf3 Nf6 3. c4 c6 4. e3 e6 5. Nc3 Nbd7 6. a4 Bd6 7. c5 Bc7 8. b4 e5
9. Be2 e4 10. Nd2 O-O 11. Qb3 a6 12. Bb2 Ne8 13. h3 f5 14. f4 exf3 15. gxf3 Qh4+
16. Kd1 Nef6 17. Kc2 Nh5 18. f4 Ng3 19. Rh2 Nf6 20. Rg1 Nfe4 21. Ndxe4 fxe4 22.
Rhg2 Nf5 23. Bg4 g6 24. Bxf5 Bxf5 25. Nxd5 cxd5 26. Qxd5+ Kh8 27. Qxb7 Bxf4 28.
d5+ Rf6 29. Qxa8+ Kg7 30. Qb7+ Kh6 31. Qe7 Bg5 32. Rxg5 Qf2+ 33. Kb1 1-0

[Event "Titled Tue 20th May Late"]
[Site "chess.com INT"]
[Date "2025.05.20"]
[Round "3"]
[White "McDonald, Jhustice-Dimonte"]
[Black "Grzesik, Gracjan"]
[Result "0-1"]
[WhiteTitle "CM"]
[BlackTitle "CM"]
[WhiteElo "2032"]
[BlackElo "2175"]
[WhiteFideId "7402481"]
[BlackFideId "1194593"]
[EventDate "2025.05.20"]

1. e4 c5 2. b3 e5 3. Nf3 d6 4. c3 Nf6 5. Bb5+ Bd7 6. Bxd7+ Nbxd7 7. d3 g6 8. O-O
Bg7 9. a4 O-O 10. Nbd2 d5 11. Re1 Re8 12. Bb2 Qc7 13. Rc1 Rad8 14. Qe2 Nb8 15.
exd5 Nxd5 16. g3 Nc6 17. c4 Ndb4 18. Rc3 f5 19. Ng5 h6 20. Nh3 Nd4 21. Qf1 Qc6
22. Ba3 Nbc2 23. Ra1 Nxa1 24. Bb2 Nac2 0-1

[Event "Titled Tue 20th May Late"]
[Site "chess.com INT"]
[Date "2025.05.20"]
[Round "3"]
[White "Brzezina, Piotr"]
[Black "Sivakumar, Shaashwath"]
[Result "0-1"]
[WhiteTitle "FM"]
[BlackTitle "FM"]
[WhiteElo "2301"]
[BlackElo "2234"]
[WhiteFideId "21078874"]
[BlackFideId "30912156"]
[EventDate "2025.05.20"]

1. d4 d5 2. c4 c6 3. Nf3 Nf6 4. Nc3 dxc4 5. a4 Bf5 6. e3 e6 7. Bxc4 Bb4 8. Qe2
Nbd7 9. O-O Bg6 10. h3 O-O 11. Bd2 Qe7 12. Rfd1 Rfd8 13. Be1 a5 14. Rac1 e5 15.
d5 e4 16. Nd4 Ne5 17. dxc6 bxc6 18. Na2 Bh5 19. Nf5 Qc7 20. g4 Nf3+ 21. Kf1 Qh2
22. Qc2 Qxh3+ 23. Ke2 Bxg4 0-1

[Event "Titled Tue 20th May Late"]
[Site "chess.com INT"]
[Date "2025.05.20"]
[Round "3"]
[White "Abdurakhmonov, Mukhammadali"]
[Black "Buchenau, Frank"]
[Result "1-0"]
[WhiteTitle "IM"]
[BlackTitle "FM"]
[WhiteElo "2368"]
[BlackElo "2190"]
[WhiteFideId "14207346"]
[BlackFideId "4604350"]
[EventDate "2025.05.20"]

1. a3 d5 2. Nf3 c5 3. e3 Nc6 4. Bb5 Bd7 5. O-O Qc7 6. d4 e6 7. Re1 Nf6 8. h3 Bd6
9. dxc5 Bxc5 10. b4 Bd6 11. Bb2 Ne5 12. Bxd7+ Nfxd7 13. Nbd2 Rc8 14. Rc1 O-O 15.
e4 Nxf3+ 16. Nxf3 Bf4 17. Rb1 Qxc2 18. Qd4 e5 19. Qxd5 Nb6 20. Qxb7 Nc4 21. Ba1
Nxa3 22. Rbd1 f6 23. Qxa7 Nb5 24. Qb7 Qc6 25. Rd7 Qxb7 26. Rxb7 Nd6 27. Rd7 Nb5
28. g3 Bh6 29. Rd5 Nc3 30. Rd3 1-0

[Event "Titled Tue 20th May Late"]
[Site "chess.com INT"]
[Date "2025.05.20"]
[Round "3"]
[White "Pribelszky, Bence"]
[Black "Liu, Jason"]
[Result "0-1"]
[WhiteTitle "IM"]
[WhiteElo "2400"]
[BlackElo "2064"]
[WhiteFideId "769738"]
[BlackFideId "2514656"]
[EventDate "2025.05.20"]

1. Nf3 b6 2. e3 Bb7 3. d4 e6 4. b3 f5 5. Bb2 Nf6 6. Bd3 g6 7. O-O Bg7 8. Nbd2
O-O 9. Re1 Ne4 10. c4 d6 11. Qc2 Nxd2 12. Nxd2 Nd7 13. e4 f4 14. Be2 e5 15. d5
Qe7 16. Bg4 Nf6 17. Be6+ Kh8 18. b4 g5 19. c5 Bc8 20. Bxc8 Raxc8 21. Qa4 Ra8 22.
Qc6 g4 23. f3 gxf3 24. gxf3 Nh5 25. Re2 Bf6 26. Rg2 Rg8 27. cxd6 cxd6 28. Nc4
Rxg2+ 29. Kxg2 Qg7+ 30. Kf1 Rg8 31. Nxd6 Qg2+ 32. Ke1 Bh4+ 33. Kd1 Qxf3+ 34. Kc2
Rg2+ 35. Kb1 Qd3+ 36. Qc2 Qxc2# 0-1